01409 a2200169 45000010006000000050017000060080041000230030015000640400040000790800057001192450065001762640035002413000019002765050914002950410008012091000022012173631720260407155639.0260407a1999 arg spa dAR-UNSa-BCEJYS aAR-UNSa-BCEJYSbspacAR-UNSa-BCEJYS a658.5xPlanificación y control de la producción 10aAdministración de las operacionespun énfasis conceptual 1aMéxico :bLimusa-Wileyc1999 a781 p.c28 cm. aI.: La función de operaciones en un mercado global: 1. La naturaleza de la función de operaciones - 2. Competitividad medio de la función de operaciones: calida y productividad - 3. La estrategia de operaciones - 4. Selección y diseño del producto o sevicio - II.: Diseño de proceso de transformación: 5. Planeación de la capacidad - 6. Localización de las instalaciones - 7. El proceso de transformación - 8. Distribución de las instalaciones - 9. Diseño de trabajo -III.: Planeación de las operaciones: 10. Planeación agregada y programación maestra - 11. Administración de inventarios - 12. Planeación de requerimientos de materiales - 13. Programación detallada - 14. Sistemas justo-a- tiempo - 15. Administración de proyectos - 16. Administración de la calidad - IV.:Control del proceso de transformación: 17. Control de calidad - Confiabilidad y mantenimiento. aspa1 aMeredith, Jack R.